000 00932nam0a22002771 4500
001 rc\4895153
005 20250613032305.0
021 _aRU
_b[67-21895]
035 _a(NLR Aleph) 008925197
090 _a8849436
_c8849436
100 _a20130426d1967 |||y0rusy50 ca
101 0 _arus
102 _aRU
105 _ay z |||c|
200 1 _aДуши людские
_eОчерк [о пред. колхоза "Светлый путь" И.Ф. Алуеве]
210 _aСаранск
_cМорд. кн. изд-во
_d1967
215 _a31 с.
_d17
225 1 _aЧеловек, идущий впереди
606 _aКолхозы
_xУправление
_yМордовская АССР
_2psbo
700 1 _aЯкушкин
_bТ.Ф.
_f1916-
_gТимофей Федорович
702 1 _aАлуев
_bИ.Ф.
_4570
801 0 _aRU
_bNLR
_gpsbo
801 1 _aRU
_bELAR
_2rusmarc
852 _aNLR
_j67-2/1028
942 _cBOOK
980 _aNB